Menghadapi temuduga

Bibliographic Details
Main Author: Wilcox, Arthur
Format: Book
Published: Kuala lumpur : Fajar Bakti , 1982
Subjects:

MARC

LEADER 00000cam a2200000 7i4500
001 0000000323
005 20030123.0
020 |a 019583111x 
040 |a INS 
090 0 0 |a HF5549I6   |b W6672 1982 
100 1 |a Wilcox, Arthur 
245 1 0 |a Menghadapi temuduga   |c Arthur Wilcox 
260 |a Kuala lumpur :   |b Fajar Bakti ,   |c 1982 
300 |a xi, 129p. ;   |c 19 cm. 
650 0 0 |a Interviewing 
999 |a 0000002148   |b BOOK   |c Open Shelf   |e Default branch